| 000 | 00623nam a2200229Ia 4500 | ||
|---|---|---|---|
| 003 | OSt | ||
| 005 | 20221007075702.0 | ||
| 006 | a|||||r|||| 00| 0 | ||
| 007 | ta | ||
| 008 | 221006b |||||||| |||| 00| 0 eng d | ||
| 024 | _a32,027 | ||
| 037 | _cTextual | ||
| 040 |
_aFLL _cFLL _beng |
||
| 041 |
_2eng _aeng |
||
| 082 | _aZ2:2:57, P6 | ||
| 100 | _aD'Souza Radha | ||
| 245 | 0 | _aInterstate disputes of over krishna water | |
| 260 |
_aNew Delhi _bOrient Longman Private Limited India _c2006 |
||
| 300 |
_axxii,573p _ccm. |
||
| 942 |
_hZ2:2:57, P6 _cTEXL _2CC |
||
| 999 |
_c1157002 _d1157002 |
||